000
00287nam a2200121Ia 4500
008
191201s2010 xx 000 0 und d
100
_a
JAIN,R.P.
245
0
_a
Modern Digital Electronics
260
_a
N. delhi
_b
TMH
_c
2010
300
_a
712
650
_a
B.Tech(ECE)
942
_2
ddc
_c
BK
_0
14
999
_c
6343
_d
6343